YK:n uusimmat jäsenvaltiot - Statistics

Yleistilastot
  • Tätä visaa on pelattu 449 kertaa
  • Keskiarvotulos 11 / 20
Vastaustilastot
Vuosi Valtio % Oikein
2000 Serbia
82%
2006 Montenegro
81%
1992 Bosnia ja Hertsegovina
79%
2011 Etelä-Sudan
78%
1992 Kroatia
77%
1993 Pohjois-Makedonia
75%
1992 Slovenia
74%
1993 Slovakia
62%
1993 Tšekki
60%
2002 Itä-Timor
58%
1994 Palau
41%
1999 Nauru
39%
2002 Sveitsi
38%
2000 Tuvalu
38%
1999 Tonga
36%
1992 Georgia
33%
1999 Kiribati
33%
1993 Eritrea
30%
1993 Monaco
30%
1993 Andorra
29%
Ehtoja vastaavia visoja ei löytynyt
Tulosjakauma
Jokaisen tuloksen saaneiden osuus
Persentiili vastausten määrän mukaan
Tuloshistoriasi
Et ole pelannut tätä visaa